Indiyayile Nithya Nyaya Kodathikal (Record no. 48633)

MARC details
000 -LEADER
fixed length control field 00400nam a2200145Ia 4500
008 - FIXED-LENGTH DATA ELEMENTS--GENERAL INFORMATION
fixed length control field 211109s9999||||xx |||||||||||||| ||und||
082 ## - DEWEY DECIMAL CLASSIFICATION NUMBER
Classification number 340
Item number GOP-I
100 ## - MAIN ENTRY--PERSONAL NAME
Personal name Gopalan, Ettumanoor
245 #0 - TITLE STATEMENT
Title Indiyayile Nithya Nyaya Kodathikal
260 ## - PUBLICATION, DISTRIBUTION, ETC.
Name of publisher, distributor, etc. S V Book Agency Ktm No 1051
Place of publication, distribution, etc. Kottayam
Date of publication, distribution, etc. 1994
300 ## - PHYSICAL DESCRIPTION
Extent 224p.
630 ## - SUBJECT ADDED ENTRY--UNIFORM TITLE
General subdivision General stack
650 ## - SUBJECT ADDED ENTRY--TOPICAL TERM
Topical term or geographic name entry element Law
942 ## - ADDED ENTRY ELEMENTS (KOHA)
Koha item type BOOK
650 ## - SUBJECT ADDED ENTRY--TOPICAL TERM
Form subdivision Social scienceGeneralia
Holdings
Withdrawn status Lost status Damaged status Not for loan Home library Current library Date acquired Cost, normal purchase price Total Checkouts Full call number Barcode Shelving location Date last seen Price effective from Koha item type
        SB LIBRARY SB LIBRARY 09/11/2021 100.00   340 GOP-I 00090750 GENERAL STACK 09/11/2021 09/11/2021 BOOK

Powered by Koha